Planta Hidroeléctrica Chicoasen de Moreno de Torres (Record no. 144022)

MARC details
000 -LEADER
fixed length control field nam a22 4500
005 - DATE AND TIME OF LATEST TRANSACTION
control field 20180905124533.0
008 - FIXED-LENGTH DATA ELEMENTS--GENERAL INFORMATION
fixed length control field 180905b mx ||||| |||| 00| 0 spa d
050 04 - LIBRARY OF CONGRESS CALL NUMBER
Classification number TK1428
Item number P53 1980
245 00 - TITLE STATEMENT
Title Planta Hidroeléctrica Chicoasen de Moreno de Torres
Statement of responsibility, etc /Comisión Federal de Electricidad, Gobierno de la república Mexicana
250 ## - EDITION STATEMENT
Edition statement 1a ed.
260 ## - PUBLICATION, DISTRIBUTION, ETC. (IMPRINT)
Place of publication, distribution, etc México :
Name of publisher, distributor, etc Comisión Federal de Electricidad,
260 ## - PUBLICATION, DISTRIBUTION, ETC. (IMPRINT)
Name of publisher, distributor, etc Gobierno de la República Mexicana,
Date of publication, distribution, etc 1980
300 ## - PHYSICAL DESCRIPTION
Extent 78 p. :
Other physical details il.;
Dimensions 25 cm.
650 #7 - SUBJECT ADDED ENTRY--TOPICAL TERM
Source of heading or term lemb
Topical term or geographic name as entry element Planta Hidroeléctrica
Geographic subdivision Chiapas (México)
710 2# - ADDED ENTRY--CORPORATE NAME
Corporate name or jurisdiction name as entry element Comisión Federal de Electricidad,
Subordinate unit Gobierno de la República Mexicana
942 ## - ADDED ENTRY ELEMENTS (KOHA)
Source of classification or shelving scheme Biblioteca del Cogreso de los Estados Unidos
Koha item type Libro

No items available.